ブルーアーカイブ 固有武器クイズ - Statistics

General Stats
  • This quiz has been taken 91 times
    19 since last reset
  • The average score is 31 of 136
Answer Stats
固有武器名 生徒名 % Correct
高嶺の花 ヒマリ
50%
光の剣:スーパーノヴァ アリス
42%
Eye of Horus ホシノ
42%
ボトムレス アカリ
33%
ホットショット アコ
33%
コモンセンス アヤネ
33%
ワインレッド・アドマイアー アル
33%
デイリーカトラリー イズミ
33%
バンバーン!ちゃん イブキ
33%
デモンズロア カヨコ
33%
ダイナーズアウトロー ジュンコ
33%
サポートポインター チナツ
33%
アイディール ハルナ
33%
終幕:デストロイヤー ヒナ
33%
オートラッカー マキ
33%
真紅の災厄 ワカモ
33%
Et Omnia Vanitas アズサ
33%
爽やかチョコミント アイリ
33%
半端な期待 アオバ
33%
サイレントソリューション アカネ
25%
サプライズパーティー アスナ
25%
スコルピウス アツコ
25%
クラックショット イオリ
25%
イズナ流スーパー忍具 イズナ
25%
レッドドラゴン イチカ
25%
ボリュームサプレッサー ウイ
25%
マルチタクティカル エイミ
25%
アルカナ・魔法の杖 エリ
25%
マビノギオン カズサ
25%
レッド・レクター カスミ
25%
戦略リーダーのノウハウ カホ
25%
ホークアイ カリン
25%
チョコレート&ストロベリー キララ
25%
レディーの気品 ココナ
25%
ジャスティス・ブラック コハル
25%
アリウス製アサルトライフル サオリ
25%
浄化の織り手 サクラコ
25%
ぼく様特製拳銃 サヤ
25%
スプリングパンチ シグレ
25%
愛のムチ シュン
25%
ミレニアム製最新型ダンベル スミレ
25%
鋭き光彩 セイア
25%
救急用突入キット セナ
25%
シンシアリティ セリカ
25%
カメラブリッツ チアキ
25%
ブラッド&ガンパウダー ツルギ
25%
シークレットタイム トキ
25%
ロイヤルブレンド ナギサ
25%
ツイン・ドラゴン ネル
25%
デッドリー・スイッチ ノゾミ
25%
リトルマシンガンⅤ ノノミ
25%
インペイルメント ハスミ
25%
ブローアウェイ ハルカ
25%
オートエイマー ハレ
25%
アイデンティティ ヒヨリ
25%
唯我独尊 マコト
25%
正義の顕現 マシロ
25%
バラライカ マリナ
25%
トリックオアトリック ムツキ
25%
メグマパワー! メグ
25%
創作の……苦しみ! メル
25%
温故知新 ルミ
25%
シューティング☆スター レイサ
25%
明鏡止水 レイジョ
25%
第14号ヴァルキューレ 制式ライフル フブキ
25%
第17号ヴァルキューレ制式拳銃 カンナ
25%
第3号ヴァルキューレ制式拳銃 キリノ
25%
BLACK FANG 465 シロコ*テラー
25%
ミチル流オーバーフロー ショットガン ミチル
25%
万魔殿制式拳銃 イロハ
25%
プロフェッサーK コトリ
25%
NKデルタ サツキ
25%
Quis ut Deus ミカ
25%
RABBIT-224式拳銃 モエ
25%
RABBIT-26式機関銃 サキ
25%
RABBIT-31式短機関銃 ミヤコ
25%
RABBIT-39式小銃 ミユ
25%
にゃん's ダッシュ ユズ
25%
給食部の護身用銃typeA フウカ
25%
給食部の護身用銃typeB ジュリ
25%
WHITE FANG 465 シロコ
25%
マイスター・ゼロ ウタハ
17%
お祭りの熱気 ウミカ
17%
トリスメギストス カノエ
17%
百花繚乱制式ライフル-紺碧の知恵 キキョウ
17%
知彼知己 キサキ
17%
ルミナス・ノヴァ ケイ
17%
エコーリンク コタマ
17%
マリ・ガン コユキ
17%
桜ボンボン シズコ
17%
ライブラリールーラー シミコ
17%
セーフティー スズミ
17%
タクティカルセラピー セリナ
17%
チーストカ チェリノ
17%
五七五式榴弾砲 チセ
17%
バックドア チヒロ
17%
ツクヨ流サブマシンガン ツクヨ
17%
サーチ&リコン トキ(臨戦)
17%
百蓮 ナグサ
17%
ビヨンド・ザ・ルミネーション ナツ
17%
書記の採決 ノア
17%
サジタリウスナイト ノドカ
17%
ハッピースマイリー ハナエ
17%
オネストウィッシュ ハナコ
17%
チケット・パンチ ヒカリ
17%
ブレッシング ヒナタ
17%
ファンシーライト ヒビキ
17%
マイ・ネセシティ ヒフミ
17%
仁義なき撃ち合い フィーナ
17%
セイントプレデター ミサキ
17%
フレッシュ・インスピレーション ミドリ
17%
玄龍&白虎 ミナ
17%
救護の証明 ミネ
17%
鋼鉄の松明 ミノリ
17%
キヴォトス・タイプライター ミヨ
17%
ユニーク・アイディア モモイ
17%
ロジック&リーズン ユウカ
17%
百花繚乱制式ライフル-少女の決意 ユカリ
17%
スイーツドライバー ヨシミ
17%
ピンチヒッター ラブ
17%
立案者 リオ
17%
携帯用穿孔機 リツ
17%
ムーンショット! レイ
17%
百花繚乱制式ライフル-青春の火花 レンゲ
17%
anomoios スバル
17%
安眠のお供Ⅱ ツバキ
17%
ファニー・ファイアワークス カエデ
8%
シュヴィーブジク タカネ
8%
ヴィエールナシチ トモエ
8%
口蜜腹剣 ニヤ
8%
親切な誘い フユ
8%
パイエティー マリー
8%
柔らかな決意 ミモリ
8%
プラウダ ヤクモ
8%
図書館利用規則第7号 モミジ
8%
光の剣:スーパーノヴァforアビ・エシェフ アリス(臨戦)
8%
No matching quizzes found
Score Distribution
Percent of People with Each Score
Percentile by Number Answered
Your Score History
You have not taken this quiz since the last reset